00318nam a22001457a 4500003000400000005001700004008004100021020001500062040000700077082001200084100001400096245002500110260002900135300000800164OSt20211228154854.0211228b |||||||| |||| 00| 0 eng d a8183330118 cHU a005.133 aDav Amita aProgramming In Java  aNew DelhllbNew Delhll f294